000 00558nam a22002177a 4500
003 OSt
005 20170105103441.0
008 120423t xxu||||| |||| 00| 0 eng d
020 _a 9780763737627
040 _cASAB
050 _a579.1, POM
082 _28 th Ed
100 _a Jeffrey C Pommerville
_998
245 _aAlcamo's Fundamentals of Microbiology
_c
260 _aLondon
_bJones and Bartlett Pub
300 _a836
440 _aALcamo's Fundamentals of Microbiology
_999
650 _aMicrobiology
_9100
700 _a
_9101
942 _2lcc
_cBK
999 _c16457
_d16457